00454 2200157 4500001002100000005001500021035002000036245010900056100001800165300002800183260002900211082000800240084001400248020002200262990001200284INLIS00000000000186520250515111251 a0010-05250001571 aThe Psychology Of Money :bPelajaran Abadi Mengenai Kekayaan, Ketamakan dan Kebahagiaan /cMorgan Housel0 aMorgan Housel a238 hlm ;c13,5 x 19 cm aTangerang :bBaca,c2021 a100 a100 MOR t a978-602-6486-57-8 a0754815